Welcome to the Holygrace Academy Library

Please use search bar below to get started

ALL IN ONE BIOLOGY (Record no. 724)

MARC details
000 -LEADER
fixed length control field 00316nam a22001337a 4500
020 ## - INTERNATIONAL STANDARD BOOK NUMBER
ISBN 978-93-5176-015-3
082 ## - DEWEY DECIMAL CLASSIFICATION NUMBER
Classification number 574
Item number BAT/E
100 ## - MAIN ENTRY--AUTHOR NAME
Personal name HEMA BATRA, PRIDHI BHATIA
245 ## - TITLE STATEMENT
Title ALL IN ONE BIOLOGY
Remainder of title CLASS XII
260 ## - PUBLICATION, DISTRIBUTION, ETC. (IMPRINT)
Place of publication MEERUT
Name of publisher ARIHANT
300 ## - PHYSICAL DESCRIPTION
Number of Pages 488
650 ## - SUBJECT ADDED ENTRY--TOPICAL TERM
Topical Term BIOLOGY FOR CLASS XII
Geographic subdivision INDIA
942 ## - ADDED ENTRY ELEMENTS (KOHA)
Koha item type Books
Holdings
Withdrawn status Lost status Collection code Home library Current library Shelving location Date acquired Source of acquisition Cost, normal purchase price Full call number Accession Number Koha item type
    Reference Main Library Main Library SHELF-9 E XII BIOLOGY 14/07/2014 purchase 325.00 574 BAT/E 08877 Books